Responses for show #5309 - Thursday, October 11, 2007

2007 Kids Week game 4.

Contestants

[<< previous game]

Jackson Ruzzo, a 12-year-old from Waccabuc, New York

Bethlehem Lema, a 12-year-old from San Diego, California

William Garrett, a 12-year-old from Greenfield, Indiana

[next game >>]

Jeopardy! Round responses

NATURE
TV 4 U
COLORS
AT THE PLAYGROUND
AMERICAN HISTORY
KID-FRIENDLY 4-LETTER WORDS
    $200 11
the rat

Triple Stumper
    $200 14
Blue's Clues

Jackson
    $200 2
red

Bethlehem
    $200 17
a see-saw

Bethlehem
    $200 1
Benedict Arnold

Jackson
    $200 19
loaf

Bethlehem
    $400 12
(Bethlehem: What is a whale?)
(Jackson: What is a whale?)
(Alex: Be more specific.)
(Jackson: A...)
(Alex: Oh, you can't come up with it, that's too bad.)

a blue whale

WilliamBethlehemJackson
    $400 24
Ned

Jackson
    $400 7
(Jackson: What is black?)

outer space

BethlehemJackson
    $400 18
sand

Jackson
    $400 3
the Emancipation Proclamation

Bethlehem
    $400 20
a buck

William
    $600 13
a frog

Jackson
    $600 25
The Naked Brothers Band

Jackson
    $600 8
yellow

Jackson
    $600 21
a slide

Bethlehem
    $600 4
John Smith

Bethlehem
    $600 28
an axis

Jackson
    $800 15
a shell

William
    $800 26
Shia LaBeouf

William
    $800 9
silver

Bethlehem
    $800 22
tires

William
    $800 5
(Alex: And that president was Teddy Roosevelt. Bethlehem, you go again.)
(Bethlehem: Could I finish the category, please, for $1000.)
(Alex: I'm sorry, that was [*]. My bad.)
(Bethlehem: [Chuckles])

Franklin Roosevelt

Triple Stumper
    $800 29
(Bethlehem what is a queen?)
...
[The end-of-round signal sounds.]

a rook

BethlehemJackson
    $1000 16
crabapples

Bethlehem
    $1000 27
Danny Phantom

William
    $1,600 10
(Alex: Say something.)
(Bethlehem: What is an ant?)

a flea

Bethlehem
    $1000 23
a jungle gym (monkey bars accepted)

Jackson
    $1000 6
the Maine

Triple Stumper

Scores at the first commercial break (after clue 13):

William Bethlehem Jackson
$400 $400 $600

Scores at the end of the Jeopardy! Round:

William Bethlehem Jackson
$4,200 $1,600 $4,600

Double Jeopardy! Round responses

STATE CAPITALS
AT THE MOVIES
BOOK REPORT
TRANSFORMERS
FAMOUS NAMES
WORD ORIGINS
    $400 3
Trenton

William
    $400 8
Surf's Up

Jackson
    $400 13
the Deathly Hallows

William
    $400 15
a caterpillar (or a butterfly)

Jackson
    $400 16
(Samuel) Morse

Bethlehem
    $400 1
a cookie

Bethlehem
    $800 4
Tallahassee

William
    $800 9
Ratatouille

William
    $800 14
Dr. Dolittle

Jackson
    $800 22
Count Olaf

Jackson
    $800 18
Marie Antoinette

Bethlehem
    $800 2
syrup

Jackson
    $1200 5
Baton Rouge

Bethlehem
    $1200 10
The Simpsons Movie

William
    $1200 23
electricity

Bethlehem
    $600 19
Sacagawea

Bethlehem
    $1200 17
(Jackson: Wh-who is...)

an egghead

Jackson
Triple Stumper
    $1600 6
Santa Fe

William
    $1600 11
Nancy Drew

Jackson
    $1600 26
[The end-of-round signal sounds.]

Istanbul

Bethlehem
    $1600 25
Richard Byrd

Triple Stumper
    $1600 21
a helicopter

Jackson
    $2,000 7
(William: [Looks up, shakes head])

Salt Lake City, Utah & Carson City, Nevada

William
    $2000 12
Shrek the Third

Jackson
    $2000 24
Clara Barton

Triple Stumper
    $2000 20
(William: What is the humor?)

the humerus

WilliamBethlehem

Scores at the end of the Double Jeopardy! Round:

William Bethlehem Jackson
$5,400 $9,800 $11,800

[wagering suggestions for these scores]

Final Jeopardy! Round responses

TRAVELING THE GLOBE
WilliamWhat is Japan
$5,399
BethlehemWhat is China?
$9,500
JacksonWhat is Guam?
$0
Japan

Final scores:

William Bethlehem Jackson
$10,799 $300 $11,800
2nd place: $2,000 + the Jeopardy! DVD Home Game System 3rd place: $1,000 + the Jeopardy! DVD Home Game System Winner: $11,800 + the Jeopardy! DVD Home Game System

Game dynamics:

Coryat scores:

William Bethlehem Jackson
$7,400 $12,000 $11,800
12 R,
2 W
(including 1 DD)
17 R
(including 1 DD),
3 W
(including 1 DD)
18 R,
3 W

Combined Coryat: $31,200

The J! Archive is created by fans, for fans. Scraping, republication, monetization, and malicious use prohibited; this site may use cookies and collect identifying information. See terms. The Jeopardy! game show and all elements thereof, including but not limited to copyright and trademark thereto, are the property of Jeopardy Productions, Inc. and are protected under law. This website is not affiliated with, sponsored by, or operated by Jeopardy Productions, Inc. Join the discussion at JBoard.tv.